Statistics for Planned capital cities

Click here to take the quiz!

General Stats

  • This quiz has been taken 21 times
  • The average score is 6 of 10

Answer Stats

ContinentCapital city% Correct
South AmericaBrasília
90%
North AmericaWashington DC
85%
OceaniaCanberra
75%
North AmericaBelmopan
60%
AsiaIslamabad
60%
AsiaNew Delhi
55%
AfricaAbuja
50%
AsiaNaypyidaw
50%
AsiaAstana
45%
EuropeValletta
30%

Score Distribution

Percentile by Number Answered

Percent of People with Each Score

Your Score History

You have not taken this quiz